| 000 | 00907nam a22002537a 4500 | ||
|---|---|---|---|
| 003 | OSt | ||
| 005 | 20210224150348.0 | ||
| 008 | 210224s1999 ck ||||gr|||| 00| 0 spa d | ||
| 020 | _a9788439210238 | ||
| 020 | _a84392102x | ||
| 040 |
_aCO-JMCR _cCO-JMCR |
||
| 041 | 1 |
_aspa _heng |
|
| 082 | 0 | 4 |
_aN / _bELLa _223 |
| 100 | 1 |
_aEllis, Carol, _eautora _913893 |
|
| 245 | 1 | 0 |
_aMi admirador secreto / _cCarol Ellis ; traducció, Liwaywy Alonso |
| 260 |
_aMadrid, España : _bGaviota, _c1999 |
||
| 300 |
_a203 páginas ; _c21 cm. |
||
| 490 |
_aZona libre ; _aterror |
||
| 520 | 0 | _aJenny es nueva en la ciudad. Ahora que sus padres están de viaje, se ha quedado completamente sola en una casa aislada. | |
| 650 | 2 | 4 |
_aHistorias de detectives y de misterio _913894 |
| 650 | 2 | 4 |
_aHistorias de detectives y misterio, estadounidense _913895 |
| 700 | 1 |
_aAlonso, Liwaywy, _etraductor _913896 |
|
| 942 |
_2ddc _cBK |
||
| 999 |
_c7320 _d7320 |
||